Score 0/279 Timer 10:00
0 Plays Today
% Correct
a
100%
I
100%
a
100%
you,
100%
I
100%
I
100%
a
100%
I
100%
a
100%
you
100%
you
100%
I
100%
I
100%
I
100%
you
100%
I
100%
you
100%
I
100%
I
100%
I
100%
I
100%
a
100%
I
100%
I
100%
you
100%
I
100%
I
100%
I
100%
you
100%
I
100%
you
100%
I
100%
I
100%
I
100%
I
100%
And
98.6%
and
98.6%
and
98.6%
and
98.6%
and
98.6%
and
98.6%
in
97.3%
in
97.3%
the
97.3%
the
97.3%
the
97.3%
in
97.3%
the
97.3%
the
97.3%
the
97.3%
in
97.3%
the
97.3%
the
97.3%
the
97.3%
in
97.3%
the
97.3%
the
97.3%
the
97.3%
time
95.9%
time
95.9%
time
95.9%
to
95.9%
time
95.9%
to
95.9%
to
95.9%
to
95.9%
to
95.9%
time
95.9%
to
95.9%
time
95.9%
to
95.9%
to
95.9%
time
95.9%
to
95.9%
your
94.6%
me
94.6%
your
94.6%
me
94.6%
This
94.6%
I'm
94.6%
ready
94.6%
run
94.6%
This
94.6%
I'm
94.6%
ready
94.6%
run
94.6%
I'm
94.6%
ready
94.6%
run
94.6%
I'm
94.6%
ready
94.6%
run
94.6%
me
94.6%
% Correct
This
94.6%
I'm
94.6%
ready
94.6%
run
94.6%
This
94.6%
I'm
94.6%
ready
94.6%
run
94.6%
I'm
94.6%
ready
94.6%
run
94.6%
This
94.6%
I'm
94.6%
ready
94.6%
run
94.6%
your
94.6%
CHORUS
94.6%
of
93.2%
be
93.2%
be
93.2%
be
93.2%
be
93.2%
mine?
93.2%
of
93.2%
be
93.2%
be
93.2%
of
93.2%
be
93.2%
be
93.2%
be
93.2%
be
93.2%
mine?
93.2%
of
93.2%
be
93.2%
be
93.2%
wanna
91.9%
don't
91.9%
wanna
91.9%
don't
91.9%
wanna
91.9%
wanna
91.9%
wanna
91.9%
wanna
91.9%
don't
91.9%
wanna
91.9%
don't
91.9%
wanna
91.9%
wanna
91.9%
wanna
91.9%
eyes
90.5%
I'll
90.5%
it
90.5%
can
90.5%
I'll
90.5%
yours,
90.5%
yours,
90.5%
out
89.2%
out
89.2%
know,
89.2%
know,
89.2%
know,
89.2%
know,
89.2%
that
89.2%
Escape
89.2%
from
89.2%
city
89.2%
night
89.2%
on
89.2%
There
89.2%
that
89.2%
know,
89.2%
know,
89.2%
Escape
89.2%
from
89.2%
city
89.2%
night
89.2%
that
89.2%
love
89.2%
There's
87.8%
can't
87.8%
there's
87.8%
There's
87.8%
There's
87.8%
There's
87.8%
no
87.8%
follow
87.8%
sun
87.8%
Cause
87.8%
Cause
87.8%
There's
87.8%
can't
87.8%
follow
87.8%
sun
87.8%
% Correct
Cause
87.8%
Cause
87.8%
Without
86.5%
But
86.5%
alright
86.5%
But
86.5%
will
86.5%
will
86.5%
But
86.5%
alright
86.5%
will
86.5%
Running
85.1%
never
85.1%
yes
85.1%
yes
85.1%
get
85.1%
is
85.1%
never
85.1%
look
85.1%
yes
85.1%
get
85.1%
is
85.1%
never
85.1%
look
85.1%
for
85.1%
make
83.8%
alive
83.8%
lost
83.8%
dark
83.8%
my
83.8%
lost
83.8%
dark
83.8%
Then
82.4%
we'll
82.4%
It's
82.4%
every
82.4%
it's
82.4%
are
82.4%
we'll
82.4%
are
82.4%
lightning
81.1%
deny
81.1%
devil
81.1%
smile
81.1%
Wherever
81.1%
place
81.1%
belong
81.1%
back
81.1%
Wherever
81.1%
place
81.1%
belong
81.1%
back
81.1%
chasing
79.7%
change
79.7%
free
79.7%
free
79.7%
inside
78.4%
sinking
78.4%
boat
78.4%
when
78.4%
way
78.4%
now
78.4%
now
78.4%
fine
77%
course
77%
course
77%
future
75.7%
always
75.7%
life
74.3%
turn
73%
only
73%
realize
73%
around
71.6%
I've
71.6%
got
71.6%
moment
70.3%
finally
70.3%
keep
70.3%
kind
70.3%
give
70.3%
everything
70.3%
stay
68.9%
I'd
68.9%
speed
67.6%
unless
67.6%
next
67.6%
gaining
66.2%
critisize
66.2%
foresee
64.9%
rolling
63.5%
tide
63.5%
young
60.8%
young
60.8%
Remove Ads.
Support Sporcle.
Get the best of Sporcle when you Go Orange. This ad-free experience offers more features, more stats, and more fun while also helping to support Sporcle. Thank you for becoming a member.

You're not logged in!

Compare scores with friends on all Sporcle quizzes.
OR
Log In

Sporcle TV

Today on Sporcle TV


Watch our educational content, quiz creation guides, and fun videos on Sporcle TV.

Show Comments

Extras

Top Quizzes Today


Score Distribution

Paid Content

Your Account Isn't Verified!

In order to create a playlist on Sporcle, you need to verify the email address you used during registration. Go to your Sporcle Settings to finish the process.

Report this User

Report this user for behavior that violates our Community Guidelines.

Details: